000 00344nam a2200133Ia 4500
008 230822s2004 xx 000 0 und d
020 _a0-500-28533-0
041 _aeng
082 _a723
100 _aBAKER P
245 _aARCHITECTURE AND POLYPHONY BUILDING IN THE ISLAMIC WORLD TODAY
260 _bTHAMES &HUDSON LTD
_c2004
300 _a175
999 _c858784
_d858784